000
00302nam a22001337a 4500
020
_q
PB.
040
_c
FIZZA ISHAQ
082
_a
006.31
_b
JAS
100
_a
BELL,JASON.
_9
91768
245
_a
MECHINE LEARNING /
_c
JASON BELL.
260
_a
WILEY & SON ;
_c
2020.
300
_a
400 P. ;
942
_2
ddc
_c
BK
999
_c
589903
_d
589903